Normal view MARC view

Entry Geographic Name

Number of records used in: 3

001 - CONTROL NUMBER

  • control field: 24596

003 - CONTROL NUMBER IDENTIFIER

  • control field: dpl

005 - DATE AND TIME OF LATEST TRANSACTION

  • control field: 20101206111932.0

008 - FIXED-LENGTH DATA ELEMENTS

  • fixed length control field: 101206|||a|||||| | ||| d

040 ## - CATALOGING SOURCE

  • Original cataloging agency: dpl
  • Transcribing agency: dpl

151 ## - HEADING--GEOGRAPHIC NAME

  • Geographic name: Asia
  • General subdivision: Social policy.

670 ## - SOURCE DATA FOUND

  • Source citation: Work cat.: (dpl)0: Haan, Arjan de 24593, Towards a new poverty agenda in Asia :, 2010

670 ## - SOURCE DATA FOUND

  • Source citation: Work cat.: (dpl)0: Haan, Arjan de 24593, Towards a new poverty agenda in Asia :, 2010

© Delhi Public Library
Hit Counter
free hit counter